A digital photographer's guide to model releases : (Record no. 18551)

MARC details
000 -LEADER
fixed length control field 01564cam a22003497a 4500
005 - DATE AND TIME OF LATEST TRANSACTION
control field 20230601091954.0
008 - FIXED-LENGTH DATA ELEMENTS--GENERAL INFORMATION
fixed length control field 071115s2008 inua 001 0 eng d
010 ## - LIBRARY OF CONGRESS CONTROL NUMBER
LC control number 2007941553
015 ## - NATIONAL BIBLIOGRAPHY NUMBER
National bibliography number GBB025069
Source bnb
016 7# - NATIONAL BIBLIOGRAPHIC AGENCY CONTROL NUMBER
Record control number 014689910
Source Uk
020 ## - INTERNATIONAL STANDARD BOOK NUMBER
ISBN 9780470228562 (pbk.)
020 ## - INTERNATIONAL STANDARD BOOK NUMBER
ISBN 0470228563 (pbk.)
035 ## - SYSTEM CONTROL NUMBER
System control number (OCoLC)ocn179843924
040 ## - CATALOGING SOURCE
Original cataloging agency BTCTA
Transcribing agency BTCTA
Modifying agency BAKER
-- YDXCP
-- BWX
-- BNY
-- IXA
-- UKM
-- OCLCA
-- BDX
-- DLC
042 ## - AUTHENTICATION CODE
Authentication code lccopycat
082 04 - DEWEY DECIMAL CLASSIFICATION NUMBER
Classification number 770.668
Item number HEL-D
100 1# - MAIN ENTRY--AUTHOR
Author Name Heller, Dan.
245 12 - TITLE STATEMENT
Title A digital photographer's guide to model releases :
Remainder of title making the best business decisions with your photos of people, places and things /
Statement of responsibility, etc. Dan Heller.
260 ## - PUBLICATION, DISTRIBUTION, ETC.
Place of Publication Indianapolis, IN :
Name of publisher, distributor, etc. Wiley Pub.,
Date of publication, distribution, etc. c2008.
300 ## - PHYSICAL DESCRIPTION
Pages vii, 279 p. :
650 #0 - SUBJECT ADDED ENTRY--TOPICAL TERM
Subject / Department Photography
General subdivision Digital techniques
-- Marketing.
650 #0 - SUBJECT ADDED ENTRY--TOPICAL TERM
Subject / Department Selling
General subdivision Photographs.
650 #0 - SUBJECT ADDED ENTRY--TOPICAL TERM
Subject / Department Copyright
General subdivision Photographs
Geographic subdivision United States.
650 #0 - SUBJECT ADDED ENTRY--TOPICAL TERM
Subject / Department Photography
General subdivision Business methods.
300 ## - PHYSICAL DESCRIPTION
-- ill. (chiefly col.) ;
-- 24 cm.
856 42 -
-- Contributor biographical information
-- http://www.loc.gov/catdir/enhancements/fy1210/2007941553-b.html
856 42 -
-- Publisher description
-- http://www.loc.gov/catdir/enhancements/fy1210/2007941553-d.html
856 41 -
-- Table of contents only
-- http://www.loc.gov/catdir/enhancements/fy1210/2007941553-t.html
906 ## - LOCAL DATA ELEMENT F, LDF (RLIN)
a 7
b cbc
c copycat
d 2
e ncip
f 20
g y-gencatlg
952 ## - LOCATION AND ITEM INFORMATION (KOHA)
-- 0
-- 0
Holdings
Lost status Damaged status Permanent Location Current Location Shelving Location Date acquired Full Call Number Accession No./Barcode Date last seen item type
    Superior Information Resource Center (SIRC) Superior University- Gold Campus Superior Information Resource Center (SIRC) Superior University- Gold Campus Photography 06/01/2023 770.668 HEL-D 2008 19244 06/01/2023 BOOK

Powered by Koha